| 000 | 00764nam a2200241 i 4500 | ||
|---|---|---|---|
| 001 | bg | ||
| 100 | 1 | _aMICHAŁOWSKA, Agnieszka | |
| 245 | 1 | 0 |
_aĆwiczenia z Windows NT 4 Workstation / _cAgnieszka Michałowska, Sławomir Michałowski. |
| 246 | 1 | 4 | _aWindows NT 4.0 PL Workstation - ćwiczenia |
| 260 |
_aWarszawa : _b"Edu-Mikom", _c1998. |
||
| 300 |
_a102 s. : _brys. ; _c24 cm. |
||
| 500 | _aTyt. okł. : Windows NT 4.0 PL Workstation - ćwiczenia. | ||
| 650 | 9 | _aWindows NT (system operacyjny) | |
| 655 | _aĆwiczenia i zadania | ||
| 700 | 1 | _aMICHAŁOWSKI, Sławomir | |
| 020 | _a8387102474 | ||
| 040 | _cBPK | ||
| 041 | 0 | _apl | |
| 080 | _a004.451Windows(076) | ||
| 920 | _a83-87102-47-4 | ||
| 942 | _cKS | ||
| 008 | s pl f |000 0 pol | ||
| 999 |
_c33528 _d33528 |
||
| 856 |
_uhttp://koha.tu.koszalin.pl/cgi-bin/koha/opac-detail.pl?biblionumber=33528 _yKatalog online BPK |
||